A Royal Guessing Game (Number of Monarchs) Quiz Stats

 Plays Quiz not verified by Sporcle

Challenge
Share
Tweet
Embed
Score 0/30 Timer 05:00
0 Plays Today
Name # % Correct
Constantine???
76.9%
Edward???
69.2%
Nicholas???
66.2%
Pedro???
50.8%
Leopold???
43.1%
Carol???
41.5%
Hans-Adam???
38.5%
Abdullah???
38.5%
Louis???
35.4%
Faisal???
33.8%
William???
32.3%
Philip???
29.2%
Haakon???
29.2%
Mohammed???
29.2%
Rainier???
27.7%
Name # % Correct
Mehmed???
24.6%
Letsie???
24.6%
Casimir???
24.6%
Victor Emmanuel???
23.1%
Christian???
21.5%
Pius???
20%
Frederick William???
16.9%
Gustav???
15.4%
Charles???
15.4%
Tupou???
15.4%
Kamehameha???
15.4%
Msbati???
15.4%
Rama???
12.3%
Peter???
10.8%
Hasan???
1.5%

You're not logged in!

Compare scores with friends on all Sporcle quizzes.
Join for Free
OR
Log In

You Might Also Like...

Show Comments

Extras

Top Quizzes Today


Score Distribution

Your Account Isn't Verified!

In order to create a playlist on Sporcle, you need to verify the email address you used during registration. Go to your Sporcle Settings to finish the process.

Report this User

Report this user for behavior that violates our Community Guidelines.

Details: